1427 1672 1242 1991 1754 1078 1202 1003 1789 1482 1251 1530 1885 1348 1331 1833 1884 1909 1124 1197 1770 1073 1664 1879 1696 1549 1509 1785 1008 1225 1698 1098 1562 1709 1906 1564 1181 1649 1714 1298 1888 1357 1925 1790 1274 1272 1074 1555 1377 1322 1169 1960 1523 1196 1135 1646 1340 1418 1145 1196 1224 1392 1840 1936 1210 1500 1144 1731 1067 1904 1420 1225 1553 1023 1853 1118 1690 1376 1458 1747 1569 1048 1707 1380 1705 1978 1834 1885 1847 1085 1129 1776 1714 1348 1462 1840 1342 1745 1667 BCNSPRNW ULIB Ver.6.0+V

เปลี่ยนเป็นภาษาไทย

Change to English
 แสดงรายละเอียดบรรณานุกรม
  กลับหน้าหลัก

Brief Record : Get Marc (ISO 2709) : E-mail record : QR code < ปิดหน้าต่าง
LEADER : 00000nam a2200000Ia 4500
001    13399126023
003     ULIB
008    170112s2556 th a b 000 0 tha d
020    ^a9786169136729
040    ^absi
060 04 ^aWB537^bร399
245 00 ^aร่างกายมนุษย์ =^bHuman body /^cกองบรรณาธิการ, ประพจน์ เภตรากาศ... [และคนอื่นๆ]
246 31 ^aHuman body
250    ^aพิมพ์ครั้งที่ 1
260    ^aกรุงเทพฯ :^bมูลนิธิสาธารณสุขกับการพัฒนา,^c2556
300    ^a(12), 139 หน้า :^bภาพประกอบ ;^c26 ซม.
500    ^aร่างกายมนุษย์ เป็นตำราพื้นฐานในการฝึกอบรมหลักสูตรวิชาชีพการนวดไทยตามกฎหมายว่าด้วยวิชาชีพการแพทยืแผนไทย
650  4 ^aกายวิภาคศาสตร์มนุษย์
650  4 ^aการนวด
700 0  ^aประพจน์ เภตรากาศ,^eบรรณาธิการ
710 2  ^aมูลนิธิสาธารณสุขกับการพัฒนา
710 2  ^aมูลนิธิพัฒนาการแพทย์แผนไทย
710 2  ^aมูลนิธิเพื่อเด็กพิการ
945    ^p200^l0^i25723
945    ^p200^l0^i25724
945    ^p200^l0^i25725
945    ^p200^l0^i25726
945    ^p200^l0^i25727
945    ^p200^l0^i25728
945    ^p200^l0^i25729
945    ^p200^l0^i25730
945    ^p200^l0^i25731
945    ^p200^l0^i25732
945    ^p200^l0^i25733
945    ^p200^l0^i25734
945    ^p200^l0^i25735
945    ^p200^l0^i25736
945    ^p200^l0^i25737
995    ^aกัณชพร
999    ^aกัณชพร
รายการนี้ยังไม่มีแท็ก
คุณยังไม่ได้ล็อกอิน คุณสามารถมีกิจกรรมร่วมกับเว็บไซต์ได้ แต่ต้องล็อกอินก่อน ::
  ล็อกอิน

รายการสื่อสารสนเทศ

ลำดับที่ ประเภท เลขเรียก/บาร์โค้ด สถานที่ สถานะ
1. หนังสือสำรอง
หนังสือสำรอง
สถานะ=หนังสือเก่า
WB537 ร399 ฉ.1 
  Barcode: 25723
ห้องสมุดวิทยาเขตนครสวรรค์
►ส่วนจัดเก็บหนังสือเก่า นว.
บนชั้น
  ขอยืม
2. วิทยาศาสตร์การแพทย์ และสุขภาพ
วิทยาศาสตร์การแพทย์ และสุขภาพ
สถานะ=หนังสือเก่า
WB537 ร399 ฉ.10 
  Barcode: 25732
ห้องสมุดวิทยาเขตนครสวรรค์
►ส่วนจัดเก็บหนังสือเก่า นว.
บนชั้น
  ขอยืม
3. วิทยาศาสตร์การแพทย์ และสุขภาพ
วิทยาศาสตร์การแพทย์ และสุขภาพ
สถานะ=หนังสือเก่า
WB537 ร399 ฉ.11 
  Barcode: 25733
ห้องสมุดวิทยาเขตนครสวรรค์
►ส่วนจัดเก็บหนังสือเก่า นว.
บนชั้น
  ขอยืม
4. วิทยาศาสตร์การแพทย์ และสุขภาพ
วิทยาศาสตร์การแพทย์ และสุขภาพ
สถานะ=หนังสือเก่า
WB537 ร399 ฉ.12 
  Barcode: 25734
ห้องสมุดวิทยาเขตนครสวรรค์
►ส่วนจัดเก็บหนังสือเก่า นว.
บนชั้น
  ขอยืม
5. วิทยาศาสตร์การแพทย์ และสุขภาพ
วิทยาศาสตร์การแพทย์ และสุขภาพ
สถานะ=หนังสือเก่า
WB537 ร399 ฉ.13 
  Barcode: 25735
ห้องสมุดวิทยาเขตนครสวรรค์
►หนังสือทั่วไป:l:General Books
บนชั้น
6. วิทยาศาสตร์การแพทย์ และสุขภาพ
วิทยาศาสตร์การแพทย์ และสุขภาพ
สถานะ=หนังสือเก่า
WB537 ร399 ฉ.14 
  Barcode: 25736
ห้องสมุดวิทยาเขตนครสวรรค์
►ส่วนจัดเก็บหนังสือเก่า นว.
บนชั้น
  ขอยืม
7. วิทยาศาสตร์การแพทย์ และสุขภาพ
วิทยาศาสตร์การแพทย์ และสุขภาพ
สถานะ=หนังสือเก่า
WB537 ร399 ฉ.15 
  Barcode: 25737
ห้องสมุดวิทยาเขตนครสวรรค์
►ส่วนจัดเก็บหนังสือเก่า นว.
บนชั้น
  ขอยืม
8. วิทยาศาสตร์การแพทย์ และสุขภาพ
วิทยาศาสตร์การแพทย์ และสุขภาพ
สถานะ=หนังสือเก่า
WB537 ร399 ฉ.2 
  Barcode: 25724
ห้องสมุดวิทยาเขตนครสวรรค์
►หนังสือทั่วไป:l:General Books
บนชั้น
9. วิทยาศาสตร์การแพทย์ และสุขภาพ
วิทยาศาสตร์การแพทย์ และสุขภาพ
สถานะ=หนังสือเก่า
WB537 ร399 ฉ.3 
  Barcode: 25725
ห้องสมุดวิทยาเขตนครสวรรค์
►หนังสือทั่วไป:l:General Books
บนชั้น
10. วิทยาศาสตร์การแพทย์ และสุขภาพ
วิทยาศาสตร์การแพทย์ และสุขภาพ
สถานะ=หนังสือเก่า
WB537 ร399 ฉ.4 
  Barcode: 25726
ห้องสมุดวิทยาเขตนครสวรรค์
►ส่วนจัดเก็บหนังสือเก่า นว.
บนชั้น
  ขอยืม
11. วิทยาศาสตร์การแพทย์ และสุขภาพ
วิทยาศาสตร์การแพทย์ และสุขภาพ
สถานะ=หนังสือเก่า
WB537 ร399 ฉ.5 
  Barcode: 25727
ห้องสมุดวิทยาเขตนครสวรรค์
►ส่วนจัดเก็บหนังสือเก่า นว.
บนชั้น
  ขอยืม
12. วิทยาศาสตร์การแพทย์ และสุขภาพ
วิทยาศาสตร์การแพทย์ และสุขภาพ
สถานะ=หนังสือเก่า
WB537 ร399 ฉ.6 
  Barcode: 25728
ห้องสมุดวิทยาเขตนครสวรรค์
►หนังสือทั่วไป:l:General Books
บนชั้น
13. วิทยาศาสตร์การแพทย์ และสุขภาพ
วิทยาศาสตร์การแพทย์ และสุขภาพ
สถานะ=หนังสือเก่า
WB537 ร399 ฉ.7 
  Barcode: 25729
ห้องสมุดวิทยาเขตนครสวรรค์
►หนังสือทั่วไป:l:General Books
บนชั้น
14. วิทยาศาสตร์การแพทย์ และสุขภาพ
วิทยาศาสตร์การแพทย์ และสุขภาพ
สถานะ=หนังสือเก่า
WB537 ร399 ฉ.8 
  Barcode: 25730
ห้องสมุดวิทยาเขตนครสวรรค์
►ส่วนจัดเก็บหนังสือเก่า นว.
บนชั้น
  ขอยืม
15. วิทยาศาสตร์การแพทย์ และสุขภาพ
วิทยาศาสตร์การแพทย์ และสุขภาพ
สถานะ=หนังสือเก่า
WB537 ร399 ฉ.9 
  Barcode: 25731
ห้องสมุดวิทยาเขตนครสวรรค์
►ส่วนจัดเก็บหนังสือเก่า นว.
บนชั้น
  ขอยืม

รายการใกล้เคียง
    หัวเรื่อง [กายวิภาคศาสตร์มนุษย์]
    หัวเรื่อง [การนวด]

BibComment


ยังไม่เคยถูกคอมเมนท์

คอมเมนท์ทรัพยากรรายการนี้
  คอมเมนท์: ร่างกายมนุษย์ H..


 Copyright 2026. Bcnsprnw @Library